The american college dictionary

Furkejuvvon:
Bibliográfalaš dieđut
Váldodahkkit: Barnhart, Clarence L (Dahkki), Stein, Jess (Dahkki)
Materiálatiipa: Girji
Giella:eaŋgalasgiella
Almmustuhtton: Nueva York Random House 1964
Preanttus:18a. ed
Fáttát:
Fáddágilkorat: Lasit fáddágilkoriid
Eai fáddágilkorat, Lasit vuosttaš fáddágilkora!

MARC

LEADER 00000nam a2200000 a 4500
001 UCT3495
003 CL-VaPUC
008 961024e19640000US |||||||||||||||||eng|d
082 0 4 |a 423  |b BAR  |2 21 
100 0 |a Barnhart, Clarence L  |e author  |9 372428 
700 0 |a Stein, Jess  |e author  |9 372429 
245 1 4 |a The american college dictionary 
250 |a 18a. ed 
300 |a 1444 p 
942 |c BK 
945 |d 19961024 00:00:00  |a paguirre 
260 |a Nueva York  |b Random House  |c 1964 
650 0 |a Diccionarios  |9 256200 
650 0 |a Inglés  |9 260023 
650 0 |a Glosarios  |9 261047 
650 7 |a TERMINOLOGIA  |2 CL-VaPUC  |9 254881 
583 |a last modification  |c 19961024 00:00:00  |k Rodrigo Vera 
999 |c 253124  |d 253122 
952 |0 0  |1 0  |4 0  |6 423_000000000000000_BAR_1964  |7 0  |8 X  |9 273647  |a BIBCUR  |b BIBCUR  |d 2019-11-19  |i 1773976  |o 423 BAR 1964  |p 1773976  |r 2025-04-22  |w 2019-11-19  |y BK_X  |k BCB